000
00284nam a2200121Ia 4500
005
20251222144749.0
008
251222s9999||||xx |||||||||||||| ||spa||
082
_a
272.08/R93
100
_a
Ruiz Bueno, Daniel
245
0
_a
OrÃgenes contra Celso
264
_b
Católica
942
_c
LIB
999
_c
19260
_d
19260